Bình luận khoa học Bộ Luật hình sự Việt Nam năm 2015 (sửa đổi, bổ sung năm 2017)
Nội dung sách trình bày phương pháp biên soạn mới với việc sử dụng hệ thống thuật ngữ về hình sự để giải thích và dẫn giải các nội dung quy định của Bộ luật, cũng như còn chỉ dẫn để tra cứu điều luật tương ứng của Bộ luật Hình...
שמור ב:
| מחבר ראשי: | |
|---|---|
| פורמט: | ספר |
| שפה: | Undetermined |
| יצא לאור: |
Hà Nội
Thế giới
2017
|
| נושאים: | |
| תגים: |
הוספת תג
אין תגיות, היה/י הראשונ/ה לתייג את הרשומה!
|
| Thư viện lưu trữ: | Trung tâm Học liệu Trường Đại học Cần Thơ |
|---|
| LEADER | 01423nam a2200217Ia 4500 | ||
|---|---|---|---|
| 001 | CTU_227131 | ||
| 008 | 210402s9999 xx 000 0 und d | ||
| 020 | |c 520000 | ||
| 082 | |a 345.597 | ||
| 082 | |b B305 | ||
| 100 | |a Trần, Văn Biên | ||
| 245 | 0 | |a Bình luận khoa học Bộ Luật hình sự Việt Nam năm 2015 (sửa đổi, bổ sung năm 2017) | |
| 245 | 0 | |c Trần Văn Biên, Đinh Thế Hưng (đồng chủ biên) | |
| 260 | |a Hà Nội | ||
| 260 | |b Thế giới | ||
| 260 | |c 2017 | ||
| 520 | |a Nội dung sách trình bày phương pháp biên soạn mới với việc sử dụng hệ thống thuật ngữ về hình sự để giải thích và dẫn giải các nội dung quy định của Bộ luật, cũng như còn chỉ dẫn để tra cứu điều luật tương ứng của Bộ luật Hình sự năm 1999, nhờ vậy giúp bạn đọc có thể hiểu nhanh và chính xác hơn các điều luật của Bộ luật Hình sự, đây cũng là khác biệt cơ bản so với các các cuốn sách, tài liệu viết về lĩnh vực hình sự. | ||
| 650 | |a Luật hình sự,Criminal law | ||
| 650 | |z Việt Nam,Vietnam | ||
| 910 | |b dqhieu | ||
| 980 | |a Trung tâm Học liệu Trường Đại học Cần Thơ | ||